A to Z of Applied Quality for Clinical Managers in Hospitals (Record no. 153742)
[ view plain ]
| 000 -LEADER | |
|---|---|
| fixed length control field | 00397nam a2200133Ia 4500 |
| 008 - FIXED-LENGTH DATA ELEMENTS--GENERAL INFORMATION | |
| fixed length control field | 230411s9999 xx 000 0 und d |
| 041 ## - LANGUAGE CODE | |
| Language code of text/sound track or separate title | eng |
| 082 ## - DEWEY DECIMAL CLASSIFICATION NUMBER | |
| Classification number | AD/362.11068/BAR/B02562 |
| 100 ## - MAIN ENTRY--PERSONAL NAME | |
| Personal name | Barnett Denise & Kemp Nan |
| 9 (RLIN) | 177479 |
| 245 ## - TITLE STATEMENT | |
| Title | A to Z of Applied Quality for Clinical Managers in Hospitals |
| 260 ## - PUBLICATION, DISTRIBUTION, ETC. (IMPRINT) | |
| Name of publisher, distributor, etc. | Chapman and Hall |
| Place of publication, distribution, etc. | London |
| Date of publication, distribution, etc. | 1994 |
| 300 ## - PHYSICAL DESCRIPTION | |
| Extent | 159p |
| Withdrawn status | Lost status | Damaged status | Not for loan | Collection code | Home library | Current library | Date acquired | Vendor | Cost, normal purchase price | Bill number | Total Checkouts | Full call number | Barcode | Date last seen | Cost, replacement price | Bill Date | Koha item type | Original Barcode |
|---|---|---|---|---|---|---|---|---|---|---|---|---|---|---|---|---|---|---|
| Smt. Bakul Tambat Institute of Nursing Education | Smt. Bakul Tambat Institute of Nursing Education | 03/08/2005 | British Library | 30.00 | 181 | AD 362.11068 BAR B02562 | BTIN-BK-2562 | 11/04/2023 | 30.00 | 03/08/2005 | Books | B02562 |